Z ruskej poézie (Record no. 21399)
[ view plain ]
| 000 -LEADER | |
|---|---|
| fixed length control field | 02923cam a2200709 a 4500 |
| 001 - CONTROL NUMBER | |
| control field | 21399 |
| 003 - CONTROL NUMBER IDENTIFIER | |
| control field | VRT |
| 005 - DATE AND TIME OF LATEST TRANSACTION | |
| control field | 20260228140609.0 |
| 008 - FIXED-LENGTH DATA ELEMENTS--GENERAL INFORMATION | |
| fixed length control field | 250312s1947 xo g 000 p slo |
| 015 ## - NATIONAL BIBLIOGRAPHY NUMBER | |
| National bibliography number | SNBA19451955-013860 |
| 035 ## - SYSTEM CONTROL NUMBER | |
| System control number | SK01SNKBKSFS20010098743 |
| 035 ## - SYSTEM CONTROL NUMBER | |
| System control number | urn:nbn:sk:snk-am3hrej |
| 035 ## - SYSTEM CONTROL NUMBER | |
| System control number | 877590B0-D06C-4305-9D00-9DB8C40F1586 |
| 035 ## - SYSTEM CONTROL NUMBER | |
| System control number | urn:nbn:sk:snk-am00d6lq |
| 035 ## - SYSTEM CONTROL NUMBER | |
| System control number | SKM000101206 |
| 039 #9 - LEVEL OF BIBLIOGRAPHIC CONTROL AND CODING DETAIL [OBSOLETE] | |
| Level of rules in bibliographic description | 202503121333 |
| Level of effort used to assign nonsubject heading access points | VLOAD |
| Level of effort used to assign subject headings | 202401190948 |
| Level of effort used to assign classification | AUTHORITY |
| Level of effort used to assign subject headings | 202401150912 |
| Level of effort used to assign classification | AUTHORITY |
| Level of effort used to assign subject headings | 202401150852 |
| Level of effort used to assign classification | AUTHORITY |
| 040 ## - CATALOGING SOURCE | |
| Original cataloging agency | SNK |
| Language of cataloging | slo |
| Transcribing agency | SNK |
| Description conventions | AACR2 |
| 041 1# - LANGUAGE CODE | |
| Language code of text/sound track or separate title | slo |
| Language code of original | rus |
| 044 ## - COUNTRY OF PUBLISHING/PRODUCING ENTITY CODE | |
| MARC country code | xo |
| ISO country code | SK |
| 072 #7 - SUBJECT CATEGORY CODE | |
| Subject category code | 821.161.1 |
| Subject category code subdivision | Ruská literatúra |
| Source | konspekt |
| 080 ## - UNIVERSAL DECIMAL CLASSIFICATION NUMBER | |
| Universal Decimal Classification number | 821.161.1-1 |
| Edition identifier | 2011 |
| 245 00 - TITLE STATEMENT | |
| Title | Z ruskej poézie |
| Remainder of title | výber z lyriky |
| Statement of responsibility, etc. | preložil Ján Poničan |
| 250 ## - EDITION STATEMENT | |
| Edition statement | 1. vyd. |
| 260 ## - PUBLICATION, DISTRIBUTION, ETC. | |
| Place of publication, distribution, etc. | Turčiansky Sv. Martin |
| Name of publisher, distributor, etc. | Matica slovenská |
| Date of publication, distribution, etc. | 1947 |
| Place of manufacture | Turčiansky Sv. Martin |
| Manufacturer | Neografia |
| 300 ## - PHYSICAL DESCRIPTION | |
| Extent | 98, [6] s. |
| Dimensions | 8° |
| 490 1# - SERIES STATEMENT | |
| Series statement | Slovanská knižnica |
| Volume/sequential designation | sv. 6 |
| 500 ## - GENERAL NOTE | |
| General note | Vysvetlivky |
| 505 0# - FORMATTED CONTENTS NOTE | |
| Formatted contents note | Preklad z ruštiny |
| 655 #7 - INDEX TERM--GENRE/FORM | |
| Genre/form data or focus term | ruská poézia |
| Source of term | SNKPH |
| 655 #7 - INDEX TERM--GENRE/FORM | |
| Genre/form data or focus term | Russian poetry |
| Source of term | SNKPHeng |
| 700 1# - ADDED ENTRY--PERSONAL NAME | |
| Personal name | Poničan, Ján, |
| Dates associated with a name | 1902-1978 |
| Relationship | trl |
| 700 1# - ADDED ENTRY--PERSONAL NAME | |
| Personal name | Puškin, Aleksandr Sergejevič, |
| Dates associated with a name | 1799-1837 |
| Relationship | ctb |
| 700 1# - ADDED ENTRY--PERSONAL NAME | |
| Personal name | Lermontov, Michail Jurievič, |
| Dates associated with a name | 1814-1841 |
| Relationship | ctb |
| 700 1# - ADDED ENTRY--PERSONAL NAME | |
| Personal name | Kazin, Vasilij Vasilievič, |
| Dates associated with a name | 1898-1981 |
| Relationship | ctb |
| 700 1# - ADDED ENTRY--PERSONAL NAME | |
| Personal name | Kirillov, Vladimir Timofejevič, |
| Dates associated with a name | 1890-1943 |
| Relationship | ctb |
| 700 ## - ADDED ENTRY--PERSONAL NAME | |
| Personal name | Bezymenskij, Aleksandr Il'jič, |
| Dates associated with a name | 1898-1973 |
| Relationship | ctb |
| 700 1# - ADDED ENTRY--PERSONAL NAME | |
| Personal name | Nekrasov, Nikolaj Aleksejevič, |
| Dates associated with a name | 1821-1878 |
| Relationship | ctb |
| 700 1# - ADDED ENTRY--PERSONAL NAME | |
| Personal name | Inber, Vera Michajlovna, |
| Dates associated with a name | 1890-1972 |
| Relationship | ctb |
| 700 1# - ADDED ENTRY--PERSONAL NAME | |
| Personal name | Majakovskij, Vladimir Vladimirovič, |
| Dates associated with a name | 1893-1930 |
| Relationship | ctb |
| 700 1# - ADDED ENTRY--PERSONAL NAME | |
| Personal name | Pasternak, Boris Leonidovič, |
| Dates associated with a name | 1890-1960 |
| Relationship | ctb |
| 700 1# - ADDED ENTRY--PERSONAL NAME | |
| Personal name | Biednyi, Demian, |
| Dates associated with a name | 1883-1945 |
| Relationship | ctb |
| 700 1# - ADDED ENTRY--PERSONAL NAME | |
| Personal name | Svietlov, Nikolaj |
| Relationship | ctb |
| 700 1# - ADDED ENTRY--PERSONAL NAME | |
| Personal name | Kornilov, Boris Petrovič, |
| Dates associated with a name | 1907-1938 |
| Relationship | ctb |
| 700 1# - ADDED ENTRY--PERSONAL NAME | |
| Personal name | Sajanov, Vladimir |
| Relationship | ctb |
| 700 1# - ADDED ENTRY--PERSONAL NAME | |
| Personal name | Surkov, Aleksej Aleksandrovič, |
| Dates associated with a name | 1899-1983 |
| Relationship | ctb |
| 700 1# - ADDED ENTRY--PERSONAL NAME | |
| Personal name | Žarov, Aleksandr Aleksejevič, |
| Dates associated with a name | 1904-1984 |
| Relationship | ctb |
| 700 1# - ADDED ENTRY--PERSONAL NAME | |
| Personal name | Sedych, Nikolaj |
| Relationship | ctb |
| 700 1# - ADDED ENTRY--PERSONAL NAME | |
| Personal name | Griebcov, Igor |
| Relationship | ctb |
| 700 1# - ADDED ENTRY--PERSONAL NAME | |
| Personal name | Brtáň, Rudo, |
| Dates associated with a name | 1907-1998 |
| Relationship | red |
| 700 1# - ADDED ENTRY--PERSONAL NAME | |
| Personal name | Šulc, Dušan, |
| Dates associated with a name | 1912-1995 |
| Relationship | edt |
| 700 1# - ADDED ENTRY--PERSONAL NAME | |
| Personal name | Fulla, Ľudovít, |
| Dates associated with a name | 1902-1980 |
| Relationship | bjd |
| 830 #0 - SERIES ADDED ENTRY--UNIFORM TITLE | |
| Uniform title | Slovanská knižnica |
| 942 ## - ADDED ENTRY ELEMENTS (KOHA) | |
| Source of classification or shelving scheme | Dewey Decimal Classification |
| Koha item type | Krásna literatúra pre dospelých |
| Suppress in OPAC | No |
| 949 ## - LOCAL PROCESSING INFORMATION (OCLC) | |
| 6 | 3869A05641 |
| a | bpksh882-1 |
| b | bpksh23286 |
| 949 ## - LOCAL PROCESSING INFORMATION (OCLC) | |
| 6 | 270001000655394 |
| a | svkbbS 57432 |
| b | svkbbm 35132 |
| p | Proveniencia: Peč.: Mestská Verejná Knižnica Banská Bystrica. -- Krajská ľudová knižnica Banská Bystrica |
| 949 ## - LOCAL PROCESSING INFORMATION (OCLC) | |
| 6 | 17A0425272 |
| a | snkSD 5556/6 D1 |
| b | snkF 5061/65 |
| 949 ## - LOCAL PROCESSING INFORMATION (OCLC) | |
| 6 | 17A0560100 |
| a | snkSD 5556/6 D2 |
| b | snkF 5062/65 |
| 949 ## - LOCAL PROCESSING INFORMATION (OCLC) | |
| 6 | 3830001094389 |
| a | kurukSK-1617 |
| b | kuruk2014/F5974 |
| 949 ## - LOCAL PROCESSING INFORMATION (OCLC) | |
| 6 | 17A0908887 |
| a | snkSD 5556/6 |
| b | snk3065/47 |
| o | snkI. 789/47 - druhé ev. č. |
| s | 6100:20181113 |
| Stav vyradenia | Strata | Poškodenie | Spôsob nadobudnutia | Domovská knižnica | Aktuálna knižnica | Dátum nadobudnutia | Total checkouts | Čiarový kód exemplára | Date last seen | Typ exemplára |
|---|---|---|---|---|---|---|---|---|---|---|
| Dar | Obecná knižnica Horná Štubňa | Obecná knižnica Horná Štubňa | 28.02.2026 | 4736201585 | 28.02.2026 | Krásna literatúra pre dospelých |
